Score 0/15 Timer 04:00
1 Play Today
Question Answer % Correct
????
100%
????
96.2%
????
95%
????
90.3%
????
80.8%
????
76.9%
????
73.9%
????
61.3%
Question Answer % Correct
????
57.1%
????
51.7%
????
26.4%
????
17.1%
????
14.6%
????
12.3%
????
7%

You're not logged in!

Compare scores with friends on all Sporcle quizzes.
OR
Log In

Sporcle TV

Today on Sporcle TV


Watch our educational content, quiz creation guides, and fun videos on Sporcle TV.

Show Comments

Extras

Top Quizzes Today


Score Distribution

Your Account Isn't Verified!

In order to create a playlist on Sporcle, you need to verify the email address you used during registration. Go to your Sporcle Settings to finish the process.

Report this User

Report this user for behavior that violates our Community Guidelines.

Details: